书目信息 |
| 题名: |
Photoshop CS图像处理标准教程
|
|
| 作者: | 唐有明 , 李明刚 , 郝军启 编著 | |
| 分册: | ||
| 出版信息: | 北京 清华大学出版社 2004.11 |
|
| 页数: | 272页 | |
| 开本: | 26cm | |
| 丛书名: | 清华电脑学堂 | |
| 单 册: | ||
| 中图分类: | TP391.41 | |
| 科图分类: | ||
| 主题词: | 图形软件, Photoshop CS--tu xing ruan jian , photoshop cs | |
| 电子资源: | ||
| ISBN: | 7-302-09075-0 | |
| 000 | 00940nam 2200289 450 | |
| 001 | CAL 012004135607 | |
| 005 | 20050620163835.36 | |
| 010 | @a7-302-09075-0@dCNY 24.00 | |
| 099 | @aCAL 012004135607 | |
| 100 | @a20041202d2004 em y0chiy0121 ea | |
| 101 | 0 | @achi |
| 102 | @aCN@b110000 | |
| 105 | @aa z 000yy | |
| 200 | 1 | @aPhotoshop CS图像处理标准教程@Aphotoshop cs tu xiang chu li biao zhun jiao cheng@f郝军启, 唐有明, 李明刚等编著 |
| 210 | @a北京@c清华大学出版社@d2004.11 | |
| 215 | @a272页@c图@d26cm | |
| 225 | 2 | @a清华电脑学堂@Aqing hua dian nao xue tang |
| 410 | 0 | @12001 @a清华电脑学堂 |
| 606 | 0 | @a图形软件, Photoshop CS@Atu xing ruan jian , photoshop cs |
| 690 | @aTP391.41@v4 | |
| 701 | 0 | @a唐有明@Atang you ming@4编著 |
| 701 | 0 | @a李明刚@Ali ming gang@4编著 |
| 701 | 0 | @a郝军启@Ahao jun qi@4编著 |
| 801 | 0 | @aCN@bBUPT@c20050620 |
| 905 | @a10447@dTP391.41@eH138 | |
| 906 | @dCNY24.00@n0@r1 | |
| 998 | @aBUPT | |
| Photoshop CS图像处理标准教程/郝军启, 唐有明, 李明刚等编著.-北京:清华大学出版社,2004.11 |
| 272页:图;26cm.-(清华电脑学堂) |
| ISBN 7-302-09075-0:CNY 24.00 |
| ● |
| 相关链接 |
|
|
|
正题名:Photoshop CS图像处理标准教程
索取号:TP391.41/H138
 
预约/预借
| 序号 | 登录号 | 条形码 | 馆藏地/架位号 | 状态 | 备注 |
| 1 | 534747 | 205347472 | 自科库301/301自科库 96排2列5层/ [索取号:TP391.41/H138] | 在馆 | |
| 2 | 534748 | 205347481 | 自科库301/301自科库 96排2列5层/ [索取号:TP391.41/H138] | 在馆 | |
| 3 | 534749 | 205347490 | 自科库301/301自科库 63排1列3层/ [索取号:TP391.41/H138] | 在馆 |